000 00265nam a22001217a 4500
003 SGT
082 _a574.192
_bHAM
100 _aHAMES, DAVID
245 _aBIO INSTANT NOTES BIOCHEMISTRY
260 _bGS GARLAND SCIENCE
_c2015
300 _a474
942 _2ddc
_cBK
_012
999 _c13708
_d13708